000 01418nam2a2200301 4500
001 RU\NLR\bibl\1031241
005 20260405112526.0
010 _a5-93776-059-X
_bт. 48/2
_94500
021 _aRU
_b2006-74296
_93757
035 _a(NLR Aleph) 001018706
090 _a684600
_c684600
100 _a20070116d2006 |||y0rusy50 ca
101 1 _arus
_ceng
102 _aRU
105 _ay |||||||||
200 1 _aПадающая звезда
_eроман
_aДжонни под землей
_eроман
_aВремя снега и грехов
_eроман
210 _d2006
_aБ. м.
215 _a635,[3] с.
225 1 _aДетективный Клуб Агаты Кристи
_iПатриция Мойз
300 _aНа обороте тит.л. предполагаемый авт.: Patricia Moyes, 1923
461 0 _1001RU\NLR\bibl\117513
_12001#$aСобрание сочинений$vТ. 48
_9653890
_aКристи, А. (1890-1976)
_cМ.
_d2000
_fАгата Кристи
_nАртикул-принт
_o[К 100-летию со дня рождения] : Пер. с англ.
_tСобрание сочинений
_y5-93776-001-8
_vТ. 48
686 _aШ6(4Вл)67-446(Мойз){Лх1299-60(Мойз)}
702 1 _4330
_8rus
_7ca
_aМойз
_bП.
_f1923-2000
_gПатриция
_3RU\NLR\auth\7743357
_926300
801 0 _aRU
_bNLR
_c20070116
_gRCR
801 1 _aRU
_bNLR
_c20070116
942 _cBOOK
980 _aNB